| 000 | 00703nam a2200229 a 4500 | ||
|---|---|---|---|
| 001 | BRCA_5242 | ||
| 005 | 20190320205011.0 | ||
| 008 | 791012s1978####uk-a######---#000-0#eng-# | ||
| 020 | _a0906262003 | ||
| 041 | _aeng | ||
| 044 | _aUk | ||
| 050 | 4 |
_aNK4660 _b.E95 1978 |
|
| 100 | 1 |
_aEyles, Desmond _913431 |
|
| 245 | 1 | 0 |
_aRoyal Doulton Figures _bproduced at Burslem Staffordshire _cDesmond Eyles & Richard Dennis. |
| 260 |
_aGran Bretaña _bRoyal Doulton Tableware Limited _c1978 |
||
| 300 |
_a432 p. _bil. a color _c32 cm. |
||
| 500 | _aDonación Dr. Héctor Rivero Borrell Vázquez | ||
| 650 | 1 | 4 |
_aFiguras Royal Doulton _913432 |
| 700 | 1 |
_aDennis, Richard _913433 |
|
| 902 | _aDHR | ||
| 942 |
_2lcc _cB |
||
| 999 |
_c4936 _d4936 |
||